市・町・村全てが揃っている同一名称市町村 (2000年) - Statistics

General Stats
  • This quiz has been taken 351 times
  • The average score is 57 of 106
Answer Stats
都道府県 該当名称 市町村名 % Correct
神奈川県 大和 大和市
80%
宮城県 黒川郡 大和町
80%
新潟県 南魚沼郡 大和町
80%
岐阜県 郡上郡 大和町
80%
広島県 賀茂郡 大和町
80%
山口県 熊毛郡 大和町
80%
福岡県 山門郡 大和町
80%
佐賀県 佐賀郡 大和町
80%
茨城県 真壁郡 大和村
80%
山梨県 東山梨郡 大和村
80%
島根県 邑智郡 大和村
80%
鹿児島県 大島郡 大和村
80%
福井県 大野 大野市
75%
北海道 亀田郡 大野町
75%
岐阜県 揖斐郡 大野町
75%
広島県 佐伯郡 大野町
75%
大分県 大野郡 大野町
75%
岩手県 九戸郡 大野村
75%
静岡県 三島 三島市
73%
福島県 大沼郡 三島町
73%
新潟県 三島郡 三島町
73%
鹿児島県 鹿児島郡 三島村
73%
埼玉県 日高 日高市
70%
北海道 沙流郡 日高町
70%
兵庫県 城崎郡 日高町
70%
和歌山県 日高郡 日高町
70%
高知県 高岡郡 日高村
70%
神奈川県 川崎 川崎市
65%
宮城県 柴田郡 川崎町
65%
福岡県 田川郡 川崎町
65%
岩手県 東磐井郡 川崎村
65%
佐賀県 鹿島 鹿島市
63%
福島県 相馬郡 鹿島町
63%
石川県 鹿島郡 鹿島町
63%
島根県 八束郡 鹿島町
63%
鹿児島県 薩摩郡 鹿島村
63%
千葉県 旭市
52%
愛知県 東加茂郡 旭町
52%
島根県 那賀郡 旭町
52%
岡山県 久米郡 旭町
52%
茨城県 鹿島郡 旭村
52%
山口県 阿武郡 旭村
52%
広島県 三原 三原市
52%
兵庫県 三原郡 三原町
52%
高知県 幡多郡 三原村
52%
福岡県 大川 大川市
51%
香川県 大川郡 大川町
51%
高知県 土佐郡 大川村
51%
埼玉県 三郷 三郷市
50%
奈良県 生駒郡 三郷町
50%
長野県 南安曇郡 三郷村
50%
富山県 富山 富山市
50%
千葉県 安房郡 富山町
50%
愛知県 北設楽郡 富山村
50%
岐阜県 高山 高山市
49%
鹿児島県 肝属郡 高山町
49%
群馬県 吾妻郡 高山村
49%
長野県 上高井郡 高山村
49%
福井県 勝山 勝山市
47%
岡山県 真庭郡 勝山町
47%
福岡県 京都郡 勝山町
47%
山梨県 南都留郡 勝山村
47%
山形県 新庄 新庄市
46%
奈良県 北葛城郡 新庄町
46%
岡山県 真庭郡 新庄村
46%
和歌山県 新宮 新宮市
43%
兵庫県 揖保郡 新宮町
43%
福岡県 糟屋郡 新宮町
43%
愛媛県 宇摩郡 新宮村
43%
千葉県 野田 野田市
43%
鹿児島県 出水郡 野田町
43%
岩手県 九戸郡 野田村
43%
福岡県 春日 春日市
42%
愛知県 西春日井郡 春日町
42%
兵庫県 氷上郡 春日町
42%
岐阜県 揖斐郡 春日村
42%
愛知県 豊田 豊田市
40%
静岡県 磐田郡 豊田町
40%
山口県 豊浦郡 豊田町
40%
長野県 上水内郡 豊田村
40%
宮崎県 宮崎 宮崎市
40%
宮城県 加美郡 宮崎町
40%
福井県 丹生郡 宮崎村
40%
鹿児島郡 川内 川内市
39%
青森県 下北郡 川内町
39%
愛媛県 温泉郡 川内町
39%
福島県 双葉郡 川内村
39%
福岡県 山田 山田市
38%
岩手県 下閉伊郡 山田町
38%
千葉県 香取郡 山田町
38%
宮崎県 北諸県郡 山田町
38%
富山県 婦負郡 山田村
38%
埼玉県 富士見 富士見市
38%
長野県 諏訪郡 富士見町
38%
群馬県 勢多郡 富士見村
38%
静岡県 下田 下田市
36%
青森県 上北郡 下田町
36%
新潟県 南蒲原郡 下田村
36%
島根県 平田 平田市
35%
山形県 飽海郡 平田町
35%
岐阜県 海津郡 平田町
35%
福島県 石川郡 平田村
35%
埼玉県 吉川 吉川市
29%
新潟県 中頸城郡 吉川町
29%
兵庫県 美嚢郡 吉川町
29%
高知県 香美郡 吉川村
29%
No matching quizzes found
Score Distribution
Percent of People with Each Score
Percentile by Number Answered
Your Score History
You have not taken this quiz